00436nam a2200157Ia 450000500170000000800410001704000190005804100120007708200160008910000180010524500410012326000560016430000120022065000360023285000100026820230111103545.0131103s9999 xx 000 0 und d aLoreto College aEnglish a813.54bSAL aSalinger,J.D. 4aThe catcher in the ryecJ.D.Salinger aHarmondsworthbPenguin Booksc1958 (1967 printing) a219 p.  aAmerican Fiction - 20th Century aLCLIB